000 00740nam a2200253Ia 4500
003 OSt
005 20220918192630.0
006 a|||||r|||| 00| 0
007 ta
008 220917b |||||||| |||| 00| 0 eng d
024 _a69,311
037 _cTextual
040 _aARTS
_cARTS
_beng
041 _2eng
_aeng
082 _aQ4:33w, 15M0
100 _aMitra Rajendra Lal Ed.
_973625
245 0 _aLatita vistara or memoris of the early life of sakya Sinha
260 _aOsnabruck
_bBiblio Verlag
_c1980
300 _a575p.
_ccm.
490 _aBibliotheca indica ; collection of oriental works; 15
650 _aRELIGION
942 _hQ4:33w, 15M0
_cTEXL
_2CC
999 _c195467
_d195467